| 000 | 00796nam a2200229 a 4500 | ||
|---|---|---|---|
| 005 | 20241105063731.0 | ||
| 008 | 050211s2001 mx r 000 0 spa d | ||
| 020 | _a9683698611 (UNAM) | ||
| 020 | _a968496448x (CIESAS) | ||
| 035 | _aUPN01000137939 | ||
| 049 | _aCG | ||
| 050 | 4 |
_aP118 _bA2.6 |
|
| 245 | 0 | 3 |
_aLa adquisición de la lengua materna : _bespañol, lenguas mayas, euskera / _ccoord. Cecilia Rojas Nieto. |
| 260 |
_aMéxico : _bUNAM, Instituto de Investigaciones Filológicas : _bCIESAS, _c2001. |
||
| 300 | _a280 p. | ||
| 440 | 0 |
_aEstudios de adquisición y socialización en la lengua materna ; _v1 |
|
| 650 | 4 |
_aAdquisición del lenguaje _9220 |
|
| 650 | 4 |
_aLenguaje _93841 |
|
| 650 | 4 |
_aBILINGUISMO EN NIÑOS _93950 |
|
| 700 | 1 |
_aRojas Nieto, Cecilia, _ecoord. |
|
| 905 | _aLibro | ||
| 999 |
_c110090 _d110090 |
||